Quiz Vald - Statistiques

Statistiques générales
  • Ce quiz a été pris 130 fois
  • Le résultat moyen est 25 sur 36
Statistiques - réponses
Question Réponse % Correct
V
99%
Prénom de Vald Valentin
97%
Que signifie NQNT Ni Queue Ni Tête
92%
Combien de versions du clip "Selfie" existe-t-il 3
90%
Nom de famille de Vald Le Du
89%
anglais
87%
Avec quel autre rappeur Vald a-t-il sorti un album Heuss L'enfoiré
86%
Ville de naissance de Vald Aulnay-sous-Bois
85%
NQNT
84%
Année de naissance de Vald 1992
82%
Agartha
81%
Quand est né l'enfant de Vald 2014
80%
Ce monde est cruel
80%
Chez quel streameur Vald a-t-il fait une apparition au Zevent 2025 Joyca
80%
PANDEMONIUM
80%
XEU
80%
Que signifie NQNTMQMQMB Ni Queue Ni Tête Mais Qui Met Quand Même Bien
76%
NQNT2
75%
NQNTMQMQMB
71%
En quelles langues (4) est sous-titré le clip de "Bonjour" français
69%
Avec qui Vald a-t-il composé son dernier album Vladimir Cauchemar
68%
allemand
67%
NQNT33
67%
Horizon vertical
66%
VV5
66%
PANDEMONIUM RELOADED
65%
Label créé par Vald Echelon Records
59%
"La peur nous pousse comme des infirmes, trop de journalistes qui *****, salle de prière désemplie" désinforment
57%
Quel son a déclenché sa première polémique Autiste
55%
Quel métier aurait pu faire Vald Professeur de Mathématiques
53%
"J'vais monter haut, redescendre en ***** " Anunnaki
48%
mandarin
48%
"Guette comment le monde est ******, petit, guette comment le monde est glauque" beau
46%
"J'essaye d'avoir de l'ambition, bientôt j'ouvre un *****, j'veux être un grand d'ce monde" fast-food
37%
Echelon, Vol. 2
31%
Echelon, Vol. 1
26%
Aucun quiz correspondant
Distribution des résultats
% des personnes avec chaque résultat
Percentile par nombre de réponses
Votre historique - résultats
Vous n’avez pas pris ce quiz